K závodom budúcnosti : Informačná štúdia

Salvato in:
Dettagli Bibliografici
Natura: Libro
Lingua:slovacco
Pubblicazione: Prešov : VUKOV, 1990
Soggetti:
Tags: Aggiungi Tag
Nessun Tag, puoi essere il primo ad aggiungerne!!

MARC

LEADER 00000nam a22000003a 4500
001 stu37481
005 20150408180703.5
008 920714s1990----cs------------------slo-d
040 |a STU  |b slo 
041 0 |a slo 
044 |a cs 
080 |a 658.52.001.56 
245 |a K závodom budúcnosti :  |b Informačná štúdia 
260 |a Prešov :  |b VUKOV,  |c 1990 
300 |a 41 s :  |b 2 tab 
650 7 |a Výroba automatizovaná  |2 stusub 
650 7 |a Závody automatizované  |2 stusub 
996 |b 284M055639  |c M*7049-1  |l MMKN  |s A  |a 24  |w stu37481_0001